00494nam a22001697a 450000500170000001000150001702000260003203500140005803700130007208200080008510000190009324500690011226000390018127000600022030000250028050000190030520170821161534.0 aENG-119962 a9788192805832c500.00 aEN-103494 bDBAD/PUB a921 aSharma, Omdutt aFreedom fighters great Kolkata personlities /cby Omdutt Sharma  aGuwahati bMadhurima Books c2015 aOpp. SBI Vinoba Nagar Branch bGuwahati (Assam)e781018 avii, 240p.c22cm(Hb) aInclude index